Korszerűsített sertéskombinát tápéi tapasztalatok /
Elmentve itt :
| Szerző: | |
|---|---|
| Dokumentumtípus: | Cikk |
| Megjelent: |
1979-05-05
|
| Sorozat: | Délmagyarország
69 No. 103 |
| Kulcsszavak: | Tápé, Mezőgazdaság termelőszövetkezet állattenyésztés Szeged-Tápé, Tiszatáj Termelőszövetkezet (Szeged-Tápé) |
| Online Access: | http://dmarchiv.bibl.u-szeged.hu/83210 |
| LEADER | 00587nab a2200157 i 4500 | ||
|---|---|---|---|
| 001 | delm83210 | ||
| 005 | 20190524093657.0 | ||
| 008 | 190524s1979 hu o 0|| hun d | ||
| 040 | |a SZTE Délmagyarország Archívum |b hun | ||
| 041 | |a hun | ||
| 100 | 1 | |a Majoros Tibor | |
| 245 | 1 | 0 | |a Korszerűsített sertéskombinát |h [elektronikus dokumentum] : |b tápéi tapasztalatok / |c Majoros Tibor |
| 260 | |c 1979-05-05 | ||
| 300 | |a 1 | ||
| 490 | 0 | |a Délmagyarország |v 69 No. 103 | |
| 695 | |a Tápé, Mezőgazdaság termelőszövetkezet állattenyésztés Szeged-Tápé, Tiszatáj Termelőszövetkezet (Szeged-Tápé) | ||